000 01614nam a2200469 i 4500
001 7625
003 KOSZ 005
005 20200127083701.0
008 200127s1973 pl a f 001 0 pol
015 _aPB 1973/1765
035 _a991032459979705066
035 _a(PL-WaBN)b18710062-48omnis_nlop
035 _ab18710062
035 _a(OCoLC)838942096
035 _a(PL)b0000001871006
035 _a(EXLNZ-48OMNIS_NETWORK)9910222115305606
040 _aWA N
_cWA N
_dKOSZ 005/RW
046 _k1973
080 _a626/627
080 _a(075.3-021.66)
245 0 0 _aPracownia technologii wody :
_bpraca zbiorowa /
_c[Bronisław Bartkiewicz et al.].
260 _aWarszawa :
_bPaństwowe Wydawnictwa Szkolnictwa Zawodowego,
_c1973.
300 _a531, [1] stron :
_bilustracje ;
_c22 cm.
336 _aTekst
_btxt
_2rdacontent
337 _aBez urządzenia pośredniczącego
_bn
_2rdamedia
338 _aWolumin
_bnc
_2rdacarrier
380 _aKsiążki
380 _aPublikacje dydaktyczne
388 _a1901-2000
504 _aIndeks.
521 8 _aDla klas 3, 4 i 5 technikum gospodarki wodnej.
650 7 _aUzdatnianie wody
_2DBN
650 7 _aOczyszczanie ścieków
655 7 _aPodręczniki dla szkół zawodowych
_2DBN
658 _aChemia
658 _aInżynieria i technika
700 1 _aBartkiewicz, Bronisław
_eAutor
710 2 _aPaństwowe Wydawnictwa Szkolnictwa Zawodowego
_4pbl
856 _uhttp://koha.tu.koszalin.pl/cgi-bin/koha/opac-detail.pl?biblionumber=7625
_yKatalog online BPK
942 _2UKD
_cKS
999 _c7625
_d7625